International Economic Law (southern) African perspectives and priorities / (Record no. 1190)

MARC details
000 -LEADER
fixed length control field 00595nam a22001817a 4500
005 - DATE AND TIME OF INPUT
control field 20231214061833.0
008 - DATA ELEMENTS--GENERAL INFORMATION
fixed length control field 231213b |||||||| |||| 00| 0 eng d
020 ## - INTERNATIONAL STANDARD BOOK NUMBER
International Standard Book Number 9781485137924
041 ## - LANGUAGE CODE
Language code of text English
082 ## - SHELF NUMBER
DDC number 341 INT
100 ## - MAIN AUTHOR
Language of a work English
245 ## - TITLE STATEMENT
Title International Economic Law (southern) African perspectives and priorities /
Statement of responsibility, etc. edited by K Kugler and F Sucker
250 ## - EDITION STATEMENT
Edition statement First Edition
260 ## - PUBLICATION, DISTRIBUTION, ETC.
Place of publication, distribution, etc. Cape Town :
Name of publisher, distributor, etc. Juta and Company Ltd,
Date of publication, distribution, etc. 2021
300 ## - PHYSICAL DESCRIPTION
Other physical details lxxxiii, 659 pages ;
Dimensions 25 cm.
650 ## - SUBJECT`
Broad subject Legal practice
Own subject terms Law
942 ## - ADDED ENTRY ELEMENTS (KOHA)
Item type Books
942 ## - ADDED ENTRY ELEMENTS (KOHA)
-- ALISON_BN_VRIES
Holdings
Source of classification or shelving scheme Not for loan Collection code Home library Current library Shelving location Date acquired Full call number Barcode Price effective from Koha item type
Dewey Decimal Classification   TEXT BOOKS LAW SOCIETY OF NAMIBIA LIBRARY - WINDHOEK LAW SOCIETY OF NAMIBIA LIBRARY - WINDHOEK International law and private international law 12/14/2023 341 INT LSN/2022/22 12/14/2023 Books